Địa lí 6 Sách giáo viên
में बचाया:
| मुख्य लेखक: | |
|---|---|
| अन्य लेखक: | |
| स्वरूप: | पुस्तक |
| भाषा: | Undetermined |
| प्रकाशित: |
H.
Giáo dục
2008
|
| विषय: | |
| ऑनलाइन पहुंच: | http://lrc.tdmu.edu.vn/opac/search/detail.asp?aID=2&ID=4667 |
| टैग : |
टैग जोड़ें
कोई टैग नहीं, इस रिकॉर्ड को टैग करने वाले पहले व्यक्ति बनें!
|
| Thư viện lưu trữ: | Trung tâm Học liệu Trường Đại học Thủ Dầu Một |
|---|
| LEADER | 00687nam a2200217Ia 4500 | ||
|---|---|---|---|
| 001 | TDMU_4667 | ||
| 008 | 210410s9999 xx 000 0 und d | ||
| 082 | |a 910.72 | ||
| 090 | |b NG525 | ||
| 100 | |a Nguyễn, Dược | ||
| 245 | 0 | |a Địa lí 6 | |
| 245 | 0 | |b Sách giáo viên | |
| 245 | 0 | |c Nguyễn Dược | |
| 260 | |a H. | ||
| 260 | |b Giáo dục | ||
| 260 | |c 2008 | ||
| 300 | |a 107tr | ||
| 650 | |a Địa lí |x Giảng dạy và học tập; Sách lớp 6 |v Giáo viên | ||
| 700 | |a Phạm, Thị Thu Hương | ||
| 856 | |u http://lrc.tdmu.edu.vn/opac/search/detail.asp?aID=2&ID=4667 | ||
| 980 | |a Trung tâm Học liệu Trường Đại học Thủ Dầu Một | ||